| 000 | 00404nam a2200169Ia 4500 | ||
|---|---|---|---|
| 008 | 230524s9999 xx 000 0 und d | ||
| 082 |
_a368.45 _bSAH |
||
| 100 | _aS.C.Sahoo | ||
| 245 | 0 | _aInsurance Management Text and Cases | |
| 250 | _aIST | ||
| 260 |
_aMUMBAI _bHimalaya _c2009 |
||
| 300 | _aXII;582 | ||
| 500 | _aQuantity Number: 10 | ||
| 650 | _aManagement | ||
| 700 | _aS.C.Das | ||
| 942 | _cBK | ||
| 999 |
_c44963 _d44963 |
||